=LDR 00000nam 2200000 4500 =001 INLIS000000000052041 =005 20180118105217 =035 ##$$a 0010-0118000229 =007 ta =008 180118###########################0###### =020 ##$$a 978-602-425-073-7 =082 ##$$a 401.41 =084 ##$$a 401.41 HAR c =100 #$$a Haryatmoko =245 1#$$a Critical Discourse Analysis (Analisis Wacana Kritis) : $b Landasan Teori, Metodologi Dan Penerapan /$c Haryatmoko =250 ##$$a cet.2 =260 ##$$a Jakarta :$b Rajawali Pers,$c 2017 =300 ##$$a xiii, 276 hlm. : $b ilus. ; $c 23 cm =500 ##$$a Biografi : hlm. 275-276 =650 ##$$a Analisis Wacana =504 ##$$a Bibliografi : hlm. 251-256 =990 ##$$a 12031203 =990 ##$$a 12031203 =990 ##$$a 12031203 =990 ##$$a 12031203 =990 ##$$a 12031203 =990 ##$$a 21705121 =990 ##$$a 01201801203 =990 ##$$a 01201801204 =990 ##$$a 01201801205 =990 ##$$a 01201801206 =990 ##$$a 21705122 =990 ##$$a 01201801203 =990 ##$$a 01201801204 =990 ##$$a 01201801205 =990 ##$$a 21705121 =990 ##$$a 21705123 =990 ##$$a 01201801203 =990 ##$$a 01201801204 =990 ##$$a 21705122 =990 ##$$a 21705121 =990 ##$$a 21705124 =990 ##$$a 01201801203 =990 ##$$a 21705123 =990 ##$$a 21705122 =990 ##$$a 21705121 =990 ##$$a 21705125 =990 ##$$a 21705124 =990 ##$$a 21705123 =990 ##$$a 21705122 =990 ##$$a 21705121